00460nam a2200181Ia 4500003000400000005001700004008004100021020001800062040000700080041000800087082002300095100003800118245004200156250000600198260003800204300002200242365001400264OSt20230516095205.0210423s2010 xx 000 0 und d a9780230226999 cAL aeng a574.192 223bNELD aNELSON (David L);COX (Michael M). aLehninger principles of biochemistry. a5 aNew YorkbW H Freeman & Co.c2010 axxix,1158,I41bHB b1412cINR